000 01330cam a2200325 i 4500
999 _c38244
_d38244
001 38244
003 Mx-PuUPA
005 20240410103801.0
008 140415s2001 mx ad gr 001 0 spa d
020 _a9701029267
040 _aMx-PuUPA
_bspa
_cMx-PuUPA
_dMx-PuUPA
_erda
041 0 _aspa
100 1 _aBateman, Thomas S.,
_eautor
_99954
240 1 _aManagement. Building competitive advantage.
_lEspañol
245 1 0 _aAdministración :
_buna ventaja competitiva /
_cThomas S. Bateman, Scott A. Snell ; traducción Ma. Guadalupe Cevallos Almada, [y otro]
250 _aPrimera edición
264 4 _aMéxico, D.F. .
_bMcGraw-Hill Interamericana Editores,
_c©2001
300 _axxiv, 685 páginas :
_bilustraciones, gráficas ;
_c28 cm
336 _atexto
_2rdacontent
_btxt
337 _asin medio
_2rdamedia
_bn
338 _avolumen
_2rdacarrier
_bnc
650 4 _aAdministración
700 1 _aSnell, Scott A.,
_eautor
700 1 _aCevallos Almada, Ma. Guadalupe,
_etraductor
765 1 8 _aBateman, Thomas S.,
_d[Lugar de publicación no identificado] : The McGraw-Hill Companies, ©1999
_tManagement. Building competitive advantage.
_z0256261423
942 _2ddc
_cLI
_h658
_iB328